[Event "Marmaris Karya 13th"]
[Site "Marmaris"]
[Date "2022.01.31"]
[Round "10.2"]
[White "Kaya, Serhat"]
[Black "Blesic, Vaso"]
[Result "0-1"]
[WhiteElo "1705"]
[BlackElo "2276"]
[PlyCount "56"]
[EventDate "2022.01.27"]
[EventType "schev"]
[EventRounds "10"]
[EventCountry "TUR"]
[SourceTitle "CBM 206 Extra"]
[Source "ChessBase"]
[SourceDate "2022.03.31"]
[SourceVersion "1"]
[SourceVersionDate "2022.03.31"]
[SourceQuality "1"]
[WhiteTeam "White"]
[BlackTeam "Red Team"]
[WhiteTeamCountry "UAE"]
[BlackTeamCountry "TUR"]

1. d4 Nf6 2. c4 e6 3. Nf3 b6 4. g3 Ba6 5. Qc2 d5 6. cxd5 exd5 7. Bg2 Bb4+ 8. Nc3 0-0 9. 0-0 Bxc3 10. bxc3 Nbd7 11. Re1 Re8 12. Bg5 h6 13. Bxf6 Nxf6 14. Ne5 c5 15. h4 Qc7 16. Rac1 Bc8 17. Qd3 Be6 18. Qf3 Rac8 19. Qf4 Qd6 20. e3 cxd4 21. cxd4 Qa3 22. Rxc8 Rxc8 23. Re2 Qc1+ 24. Kh2 Qd1 25. Rb2 Rc1 26. g4 Qg1+ 27. Kg3 Bxg4 28. Nf3 Nh5+ 0-1

[Event "Marmaris Karya 13th"]
[Site "Marmaris"]
[Date "2022.01.30"]
[Round "8.4"]
[White "Kaya, Serhat"]
[Black "Ozsakallioglu, Okan"]
[Result "0-1"]
[WhiteElo "1705"]
[BlackElo "2237"]
[PlyCount "34"]
[EventDate "2022.01.27"]
[EventType "schev"]
[EventRounds "10"]
[EventCountry "TUR"]
[SourceTitle "CBM 206 Extra"]
[Source "ChessBase"]
[SourceDate "2022.03.31"]
[SourceVersion "1"]
[SourceVersionDate "2022.03.31"]
[SourceQuality "1"]
[WhiteTeam "White"]
[BlackTeam "Red Team"]
[WhiteTeamCountry "UAE"]
[BlackTeamCountry "TUR"]

1. d4 Nf6 2. c4 g6 3. Nc3 Bg7 4. e4 d6 5. f3 0-0 6. Be3 c5 7. d5 e6 8. dxe6 Bxe6 9. Qd2 Nc6 10. Rd1 Qb6 11. Nd5 Bxd5 12. cxd5 Ne5 13. Nh3 Rfe8 14. Be2 a6 15. Kf2 Neg4+ 16. Kg3 Nxe3 17. Rb1 Rxe4 0-1

[Event "Marmaris Karya 13th"]
[Site "Marmaris"]
[Date "2022.01.28"]
[Round "3.4"]
[White "Ozsakallioglu, Okan"]
[Black "Kaya, Serhat"]
[Result "1-0"]
[WhiteElo "2237"]
[BlackElo "1705"]
[PlyCount "31"]
[EventDate "2022.01.27"]
[EventType "schev"]
[EventRounds "10"]
[EventCountry "TUR"]
[SourceTitle "CBM 206 Extra"]
[Source "ChessBase"]
[SourceDate "2022.03.31"]
[SourceVersion "1"]
[SourceVersionDate "2022.03.31"]
[SourceQuality "1"]
[WhiteTeam "Red Team"]
[BlackTeam "White"]
[WhiteTeamCountry "TUR"]
[BlackTeamCountry "UAE"]

1. e4 Nc6 2. Nc3 e5 3. Nf3 Nf6 4. Bb5 Bc5 5. 0-0 0-0 6. d3 Re8 7. Bg5 a6 8. Ba4 b5 9. Bb3 Be7 10. Nh4 Nd4 11. f4 h6 12. fxe5 Nxb3 13. exf6 Bc5+ 14. Kh1 Nxa1 15. Bxh6 gxh6 16. Qg4+ 1-0

[Event "Marmaris Karya 13th"]
[Site "Marmaris"]
[Date "2022.01.27"]
[Round "1.1"]
[White "Sibashvili, Giorgi"]
[Black "Kaya, Serhat"]
[Result "1-0"]
[WhiteElo "2398"]
[BlackElo "1705"]
[PlyCount "88"]
[EventDate "2022.01.27"]
[EventType "schev"]
[EventRounds "10"]
[EventCountry "TUR"]
[SourceTitle "CBM 206 Extra"]
[Source "ChessBase"]
[SourceDate "2022.03.31"]
[SourceVersion "1"]
[SourceVersionDate "2022.03.31"]
[SourceQuality "1"]
[WhiteTeam "Red Team"]
[BlackTeam "White"]
[WhiteTeamCountry "TUR"]
[BlackTeamCountry "UAE"]

1. c4 c6 2. d4 d5 3. Nc3 dxc4 4. a4 Nf6 5. Nf3 Bg4 6. Ne5 Bh5 7. f3 e6 8. g4 Nd5 9. h4 Bb4 10. Qd2 f6 11. Nxc4 Bf7 12. e4 Nc7 13. Qh2 b5 14. Nd2 Nd7 15. axb5 c5 16. Qd6 Nb6 17. Qxd8+ Kxd8 18. dxc5 Bxc5 19. Nb3 Bd6 20. Be3 Bg3+ 21. Kd1 e5 22. Na5 Kd7 23. Ne2 Bf4 24. Nxf4 exf4 25. Bxf4 Rhc8 26. Rh2 Ne6 27. Rd2+ Ke8 28. Be3 Nc5 29. Bxc5 Rxc5 30. Rc1 Na4 31. Rxc5 Nxc5 32. b4 Na4 33. Nc6 Bb3+ 34. Ke1 Nb6 35. Rd3 Bc4 36. Ra3 Kd7 37. Bxc4 Nxc4 38. Rxa7+ Rxa7 39. Nxa7 Kc7 40. Nc6 Ne5 41. Nxe5 fxe5 42. Kd2 Kb6 43. Kc3 Kxb5 44. Kb3 h6 1-0